Handbook : Producing rooted cuttings of Eucalyptus camaldulensis

Bibliographic Details
Main Author: KIJKAR
Format: Book
Published: Saraburi, Thailand : ASEAN-Canada Forest Tree Seed Centre Project , 1991
Subjects:

MARC

LEADER 00000cam a2200000 7i4500
001 0000000808
005 20140419.0
020 0 0 |a 9747612763 
090 0 0 |a 634.973766   |b KIJ 1991 
100 1 0 |a KIJKAR   |h Somyos 
245 1 0 |a Handbook :   |b Producing rooted cuttings of Eucalyptus camaldulensis   |c Somyos Kijkar 
260 0 0 |a Saraburi, Thailand :   |b ASEAN-Canada Forest Tree Seed Centre Project ,   |c 1991 
300 |a 25 p. :   |b ill., plates (col.) ;   |c 25 cm. 
650 0 0 |a Eucalyptus 
650 0 0 |a Eucalyptus camalduleusis 
998 |a JPSM 
999 |a 0000000481   |b Monograph   |c Open Shelf   |e Default branch 
999 |a 0000002338   |b Monograph   |c Open Shelf   |e Default branch